Couleur Violette - Statistiques

Statistiques générales
  • Ce quiz a été pris 51 fois
  • Le résultat moyen est 9 sur 15
Statistiques - réponses
Question Réponse % Correct
Le violet est obtenu par la fusion du bleu et ______ Rouge
98%
Pour quelle raison vos lèvres peuvent devenir "violettes" ? Froid / Asphyxie
92%
Instrument de musique ayant quatre lettres communes avec "violet" Violon
88%
Si on change une lettre au nom de la déesse égyptienne, Isis, on obtient alors le nom d'une fleur violette : Iris
85%
Marque de chocolat associée à la couleur violette Milka
79%
Plateforme de streaming en direct fondée en 2011 et très appréciée des passionnés de jeux vidéo. Son "logo" est de couleur violette. Twitch
69%
Cet émoji violet est parfois détourné de son contexte, il s'agit duquel ? Aubergine
67%
Série télévisée argentine, aux couleurs violettes, ayant débutée en 2012 et dont le nom rime avec cette couleur Violetta
58%
Département français commençant par "Vi" comme pour "violet". Vienne
56%
A quel signe du zodiaque la couleur violette est la plus souvent associée ? Sagittaire
52%
De la même manière, violet en italien possède également quatre lettres communes avec la traduction française, comment dit-on violet en italien ? Viola
48%
Fruit de couleur violette, originaire de l'Europe septentrionale et du nord de l'Asie. Il est principalement cultivé dans le Nord de l'Europe mais aussi en France et en Nouvelle-Zélande. Cassis
42%
Dans ce dessin animé, il y a une licorne violette appelée "Izzy Moonbow", de quel dessin animé s'agit-il ? My Little Pony
35%
Ce pays, qui est une île, est un des seuls pays au monde avec la couleur violette sur son drapeau, lequel ? Dominique
15%
Bien qu'extrêmement rare, certaines personnes ont des yeux "violets". Comment s'appelle ce "syndrome" ? Alexandria
8%
Aucun quiz correspondant
Distribution des résultats
% des personnes avec chaque résultat
Percentile par nombre de réponses
Votre historique - résultats
Vous n’avez pas pris ce quiz